Adolescence and delinquency : the collective management of reputation
Saved in:
| Main Author: | |
|---|---|
| Other Authors: | |
| Format: | Book |
| Language: | English |
| Published: |
Oxford :
Blackwell,
1995
|
| Series: | Social psychology and society
|
| Subjects: | |
| Tags: |
Add Tag
No Tags, Be the first to tag this record!
|
MARC
| LEADER | 00000cam a2200000 i 4500 | ||
|---|---|---|---|
| 001 | 1/89099 | ||
| 008 | 990907s1995 eng d | ||
| 020 | |a 0-631-16823-0 | ||
| 035 | |l 10052700 | ||
| 040 | |a GR-MY-UA |b gre |e aacr | ||
| 041 | 0 | |a eng | |
| 082 | 0 | |a 364.360941 | |
| 100 | 1 | |a Emler, Nicholas. | |
| 245 | 1 | 0 | |a Adolescence and delinquency : |b the collective management of reputation / |c Nicholas Emler; Stephen Reicher |
| 260 | |a Oxford : |b Blackwell, |c 1995 | ||
| 300 | |a 267 p. | ||
| 490 | 1 | |a Social psychology and society | |
| 504 | |a Includes bibliographical references and index | ||
| 650 | 0 | 0 | |a Juvenile delinquency |z Great Britain |x Psychological aspects. |
| 650 | 0 | 0 | |a Juvenile delinquents |z Great Britain |x Psychology. |
| 650 | 0 | 0 | |a Adolescent psychology |z Great Britain. |
| 650 | 0 | 0 | |a Identity (Psychology) in adolescence |z Great Britain. |
| 700 | 1 | |a Reicher, Stephen. | |
| 830 | 0 | |a Social psychology and society | |
| 852 | |a INST |b LESVOS |e 19990907 |h 364.360941 EML |p 005100015846 |q 005100015846 |t BK |y 0 | ||
| 901 | |a BIBL1-1999-2 | ||
| 909 | |a Λ |b 067022 | ||
| 970 | |z 1999/09/07 |a ΚΑΜΑΤΣΟΥ |b ΔΕΣΠΟΙΝΑ | ||